Loading...
| Fine Arts - Visual | 0 | 8 | 0 | 2 | 80 | 25 | 76.38 | 4 | 6 | 38.57 | 70.93 |
| Literature - World/Other | 0 | 7 | 0 | 0 | 70 | 45 | 77.43 | 1 | 7 | 34.89 | 62.12 |
| Fine Arts - Other | 0 | 5 | 1 | 2 | 45 | 65 | 97.60 | 0 | 3 | 14.90 | 28.52 |
| Social Science | 0 | 3 | 0 | 1 | 30 | 55 | 81.00 | 1 | 3 | 9.77 | 26.11 |
| Fine Arts - Classical Music | 0 | 2 | 0 | 0 | 20 | 110 | 110.00 | 0 | 0 | 4.56 | 9.72 |
| Mythology | 0 | 2 | 0 | 0 | 20 | 47 | 85.50 | 1 | 1 | 8.45 | 14.44 |
| Literature - European | 0 | 2 | 1 | 0 | 15 | 61 | 76.00 | 0 | 1 | 9.77 | 15.56 |
| History - Other | 0 | 1 | 0 | 0 | 10 | 64 | 64.00 | 0 | 0 | 4.65 | 7.07 |
| History - American | 0 | 1 | 0 | 0 | 10 | 124 | 124.00 | 0 | 0 | 0.00 | 1.11 |
| History - World | 0 | 1 | 0 | 1 | 10 | 126 | 126.00 | 0 | 0 | 0.00 | 1.11 |
| Literature - American | 0 | 1 | 0 | 0 | 10 | 55 | 55.00 | 1 | 1 | 6.95 | 11.11 |
| Literature - British | 0 | 0 | 0 | 0 | 0 | 0.00 | 0 | 0 | 0.00 | 0.00 | |
| Other Academic | 0 | 0 | 1 | 0 | -5 | 0.00 | 0 | 0 | 0.00 | 0.00 |